Уездное училище в городе Екатеринодаре Кубанской области. Фасад и план флигеля

RUSMARC
00005580cfm2a2200000#x 450
0017872e4bf-581a-4fb8-a7dd-ad78e61f3f45
00520240909114428.0
100##$a20150114l18##1830k l0rusy0189 ca
1010#$arus
102##$aRU
2001#$aУездное училище в городе Екатеринодаре Кубанской области. Фасад и план флигеля
$jдо 1830 г.
251##$cДело
801#0$aRU
$bРГИА
$c20150114
801#1$aRU
$bГлавНИВЦ
$c20150114
$2rusmarc
801#2$aRU
$bПБ им. Б.Н. Ельцина
$c20151223
$gRCR
$2rusmarc
850##$aФедеральное казенное учреждение "Российский государственный исторический архив"
852##$aРГИА
$j225
937##$hРГИА
$d12092167
$aASBIBLIO_SCAN
462#0$1001ee86b81b-e960-47ea-b306-d2b6228ebbd9
$12001
$a1796-1888 гг.
$vД. 225
$1251
$cОпись
$1852
$j96
461#0$1001a74412a3-3cc5-4d21-8f0a-dfe2fbd9e72d
$12001
$aДепартамент народного просвещения Министерства народного просвещения
$1251
$cФонд
$1852
$j733
215##$a1 лист
$cплан.
$d46x37 см
371##$aДокумент не является опубликованным и широко распространяемым
105##$aе###
1220#$ad1830######
035##$a7872e4bf-581a-4fb8-a7dd-ad78e61f3f45
120##$abyy
121##$aa aaaa a
1231#$aa
124##$aa
$bj
206##$bВ одном английском дюйме 8 саженей
300##$aБумага. Тушь, карандаш, акварель
60102$2prlib_sh
$3LIBNET\UAF\0000113454
$aЕкатеринодарское духовное училище
$jПланы
607##$2prlib_sh
$3LIBNET\UAF\0000113453
$aКраснодар, город
$jПланы
$xПланировка и строительство
$z19 в.
605##$2acquisition_Prlib
$3DITM\AF\0000004872
$aКраснодарский край: страницы истории
$lколлекция
605##$2acquisition_Prlib
$3DITM\AF\0000004675
$aТерритория
$lколлекция
617##$2prlib_sh
$cКраснодарский край
617##$2prlib_sh
$cКубанская область
686##$2rubbk
$a63.3(28-8Куб)5-7я64
$vLBC/M
686##$2rubbk
$a74.03(28-8Куб)5я64
$vLBC/M
Формат отображения